Culture Générale - Série 272 - Statistiques

Statistiques générales
  • Ce quiz a été pris 319 fois
  • Le résultat moyen est 7 sur 10
Statistiques - réponses
Question Réponse % Correct
Lequel de vos cinq sens est altéré si vous avez les "portugaises ensablées" ? L'ouïe
96%
De quel pays européen la Calabre est-elle l'une des principales régions ? L'Italie
93%
Dans la BD et au cinéma, quel est le prénom de la compagne de Tarzan ? Jane
92%
Dans quelle chaîne montagneuse le Gange prend-il sa source ? L'Himalaya
83%
En équitation, quel nom donne-t-on à la plus petite allure du cheval ? Le pas
80%
Quelle est la capitale du Pakistan ? Islamabad
73%
Quel célèbre basketteur partage l'affiche du film "Space Jam" avec Bugs Bunny ? Michael Jordan
73%
A qui Catherine Ringer demande-t-elle de lui dire "oui" dans une chanson de 1986 ? Andy
63%
Quel surnom, emprunté à un héros de BD, Pascal Sevran donnait-il à son réalisateur ? Tintin
47%
Qui chante "On écrit sur les murs" en 1989 ? Demis Roussos
36%
Aucun quiz correspondant
Distribution des résultats
% des personnes avec chaque résultat
Percentile par nombre de réponses
Votre historique - résultats
Vous n’avez pas pris ce quiz